000 00352 a2200169 4500
001 191505
020 _a85-02-02713-1
040 _cMagnum
100 _aMurray, Roseana
240 1 0 _aPorta a porta
_lpor
245 1 0 _aPorta a porta
300 _a77
362 0 _a1998
440 1 _aSaraiva
697 _aLITERATURA INFANTO-JUVENIL
942 _cBK
999 _c191505
_d191505